000
00279nmm a2200097Ia 4500
008
220120s9999||||xx |||||||||||||||||und||
020
_a
978-81-203-3468-7
100
_a
Digit
245
0
_a
Linux packages GDC 2016 showcase, biology lectures game
260
_a
Nine dot Nine
_b
New delhi
999
_c
140005
_d
140005